000
00343nam a2200145Ia 4500
005
20250424070743.0
008
240331s9999 xx 000 0 und d
082
_a
300.1
_b
SAM
100
_a
Saminathasaram, V
245
0
_a
Manithan yar
260
_a
Ashok Nagar
_b
Sandhya Pathippagam
_c
2002
300
_a
64 p .,
650
_a
Essays
942
_c
L
999
_c
984
_d
984